<?xml version="1.0" encoding="UTF-8"?>
<collection xmlns="http://www.loc.gov/MARC21/slim">
 <record>
  <leader>00708pamaa2200229   4500</leader>
  <controlfield tag="001">0000053829</controlfield>
  <controlfield tag="005">20160408090000.0</controlfield>
  <controlfield tag="008">160408c2011       eng</controlfield>
  <datafield tag="020" ind1=" " ind2=" ">
   <subfield code="a">9780745645193 (pbk) </subfield>
  </datafield>
  <datafield tag="090" ind1="0" ind2="0">
   <subfield code="a">PN4749 </subfield>
   <subfield code="b">NEW 2011</subfield>
  </datafield>
  <datafield tag="245" ind1="1" ind2="4">
   <subfield code="a">The news and public opinion : </subfield>
   <subfield code="b">media effects on civic life  </subfield>
   <subfield code="c">Maz McCombs...[et al.].</subfield>
  </datafield>
  <datafield tag="260" ind1=" " ind2=" ">
   <subfield code="a">Cambridge: </subfield>
   <subfield code="b">Polity Press, </subfield>
   <subfield code="c">2011.</subfield>
  </datafield>
  <datafield tag="300" ind1=" " ind2=" ">
   <subfield code="a">v; 210p; </subfield>
   <subfield code="c">21cm.</subfield>
  </datafield>
  <datafield tag="500" ind1=" " ind2=" ">
   <subfield code="a">COMM</subfield>
  </datafield>
  <datafield tag="504" ind1=" " ind2=" ">
   <subfield code="a">Includes index and Notes to pages</subfield>
  </datafield>
  <datafield tag="650" ind1="0" ind2="0">
   <subfield code="a">Journalism -- </subfield>
   <subfield code="x">Social aspects </subfield>
  </datafield>
  <datafield tag="650" ind1="0" ind2="0">
   <subfield code="a">ournalism -- </subfield>
   <subfield code="x">Political aspects </subfield>
  </datafield>
  <datafield tag="700" ind1="1" ind2="0">
   <subfield code="a">McCombs, Max </subfield>
  </datafield>
  <datafield tag="700" ind1="1" ind2="0">
   <subfield code="a">Holbert, R Lance </subfield>
  </datafield>
  <datafield tag="700" ind1="1" ind2="0">
   <subfield code="a">Kiousis, Spiro </subfield>
  </datafield>
  <datafield tag="700" ind1="1" ind2="0">
   <subfield code="a">Wanta, Wayne </subfield>
  </datafield>
  <datafield tag="901" ind1=" " ind2=" ">
   <subfield code="u">http://www.politybooks.com</subfield>
  </datafield>
 </record>
</collection>
